| 000 | 01037cam a2200265 a 4500 | ||
|---|---|---|---|
| 001 | sd 41000064 | ||
| 003 | DLC | ||
| 005 | 20260227112734.0 | ||
| 008 | 760131s1940 gw 001 0 ger c | ||
| 010 | _asd 41000064 | ||
| 040 |
_aU. S. Dept. of State. Libr. _cDLC _dDLC |
||
| 043 |
_ae-gx--- _ae----- |
||
| 050 | 0 | 0 |
_aDD253 _b.F63 1940 |
| 100 | 1 |
_aFreytagh-Loringhoven, Axel, _cFreiherr von, _d1878-1942. |
|
| 245 | 1 | 0 |
_aDeutschlands Aussenpolitik, 1933-1940 / _cvon Axel Freiherrn von Freytagh-Loringhoven. |
| 250 | _a7. Aufl. | ||
| 260 |
_aBerlin : _bVerlagsanstalt Otto Stollberg, _c[c1940] |
||
| 300 |
_a288 p. ; _c21 cm. |
||
| 500 | _a"32.-35.Tausend." | ||
| 510 | 4 |
_aNUC pre-1956 _cNF 0380504 |
|
| 500 | _aIncludes index. | ||
| 561 | _5DLC | ||
| 651 | 0 |
_aGermany _xForeign relations _y1933-1945. |
|
| 651 | 0 |
_aEurope _xPolitics and government _y1918-1945. |
|
| 999 |
_c89876 _d89876 |
||